Murders in the rue Morgue and the Gold Bug

Na minha lista:
Detalhes bibliográficos
Autor principal: Poe, Edgar Allan (Author)
Formato: Livro
Idioma:inglês
Publicado em: Nueva York Regents 1953
Colecção:American Classics
Assuntos:
Tags: Adicionar Tag
Sem tags, seja o primeiro a adicionar uma tag!

MARC

LEADER 00000nam a2200000 a 4500
001 UCZ3357
003 CL-VaPUC
008 951020e19530000US |||||||||||||||||eng|d
082 0 4 |a 813  |b POE  |2 21 
100 |a Poe, Edgar Allan  |e author  |9 313715 
245 1 0 |a Murders in the rue Morgue and the Gold Bug 
300 |a 123 p 
942 |c BK 
945 |d 19951020 00:00:00  |a cmena 
260 |a Nueva York  |b Regents  |c 1953 
650 0 |a Cuentos estadounidenses  |9 265133 
650 0 |a Literatura estadounidense  |9 317168 
583 |a last modification  |c 19951020 00:00:00  |k Rodrigo Vera 
490 0 |a American Classics 
999 |c 239838  |d 239836 
952 |0 0  |1 0  |4 0  |6 813_000000000000000_POE_1953  |7 0  |8 P  |9 251273  |a BIBEDU  |b BIBEDU  |c BIBEDU_PB  |d 2019-11-18  |i 1586637  |o 813 POE 1953  |p 1586637  |r 2024-01-25  |w 2019-11-18  |y BK  |k FIL